Catalog

Record Details

Catalog Search



Labyrint světa a ráj srdce : to jest: Světlé vymalování, ... Cover Image Book Book

Labyrint světa a ráj srdce : to jest: Světlé vymalování, ... Jan Amos Komenský

Komenský, Jan A. (Author).

Record details

  • Physical Description: 170 s.
  • Publisher: Praha Šolc a Šimáček 1658

Available copies

  • 1 of 1 copy available at Common Catalog SPOK.

Holds

  • 0 current holds with 1 total copy.
Show Only Available Copies
Location Call Number / Copy Notes Barcode Shelving Location Status Due Date
ETS Library 248 424470010040 Volný výběr Available -

LDR 00672nam a2 00229
00142959
003CZ-PrJAB
00520040305000000.0
008020228s1658 xr e |||| |cze
009cz
035 . ‡a(CONS)5195
035 . ‡aKPS10862
040 . ‡aABG450
041 . ‡acze
08214. ‡a248
100 . ‡71879 ‡aKomenský, Jan A.
245 . ‡aLabyrint světa a ráj srdce : ‡bto jest: Světlé vymalování, ... ‡cJan Amos Komenský
260 . ‡aPraha ‡bŠolc a Šimáček ‡c1658
300 . ‡a170 s.
653 . ‡aLabyrint světa a ráj srdce ‡ato jest: Světlé vymalování, ...
8524 . ‡bETS ‡bETS ‡cVolný výběr ‡j248 ‡gA ‡p424470010040
910 . ‡aABG450
999 . ‡a5195 ‡bAUTOGEN ‡c5195 ‡tbiblio
905 . ‡uadmin
901 . ‡a42959 ‡b ‡c42959 ‡tbiblio ‡sets

Additional Resources